Регионална библиотека "Любен Каравелов" - Русе

Европейски програми 2007 - 2013 (Запис номер 63711)

MARC детайли
000 -Лидер
Контролно поле с фиксирана дължина 01691nam a2200385 c 4500
003 - Код на организацията, давaща контролен номер
Контролно поле BLK
005 - Дата и час на последна редакция
Контролно поле 20180420223228.0
008 - Елементи от данни с фиксирана дължина
fixed length control field 180408b bul|||||r ||||||| ||bul||
010 ## - Наследен системен номер
LC control number KNG00067969000
020 ## - Международен стандартен номер на книга ISBN
Международен стандартен номер на книга ISBN 978-92-79-14351-9
-- издат.: Представителство на Европ. комис. в България
040 ## - Източник на каталожния запис
Идентификатор на билиотеката - собственик на записа BLK
041 ## - Код за език
Код за езика на текст/звукозапис или на отделно заглавие Български
Код за езика КДБФ Български
072 #7 - Код за тематичната категория
Код организация bullib
Код за тематична категория Н32
Текст Политика Н
080 ## - УДК
Текстов определител УДК Европейски съюз - политически аспекти
УДК код - определител по УДК 327.7:061.1ЕС
УДК определител (035)
УДК - код + определител 327.7:061.1ЕС(035)
080 ## - УДК
Текстов определител УДК Европейски съюз (икон. аспекти)
УДК код - определител по УДК 339.923:061.1ЕС
УДК определител (035)
УДК - код + определител 339.923:061.1ЕС(035)
110 1# - Редна дума - колетивен орган
Редна дума - наименование на организация или юридическо лице Европейски съюз. Европ. комисия
9 (RLIN) 291584
139 ## - Редно поле
Редна дума Европейски съюз. Европ. комисия
Авторски знак Еври - Е 20
245 10 - Сведения за заглавието
Заглавие Европейски програми 2007 - 2013
Подзаглавни данни Справ.
250 ## - Област на изданието
Сведения за изданието 6. прераб. изд.
257 ## - Страна на издаване
Страна на създаване/издаване Европейски съюз
260 ## - Област на издателските данни
-- София
Име на издателя, разпространителя и проч. Представителство на Европ. комис. в България
Година на издаване 2009
Печатница София : Минерва
300 ## - Физическа характеристика
Страници 144 с.
Илюстрации и др. с ил.
Размери/Мащаб 24 см
380 ## - Жанр
Жанр Обществени науки
500 ## - Общи забележки
Забележка 1. изд. 2003 със състав. И. Шикова, М. Георгиева, И. Чалева. - Офс. изд.
650 #4 - Допълнително описание по предмет – тема
Основно описание – тема или топоним Европейски съюз - програми
9 (RLIN) 274379
651 #4 - Допълнително описание по предмет - топоним
Географско понятие Европейски съюз
9 (RLIN) 258188
653 ## - Ключова дума – ненормативна
Ключова дума програми
653 ## - Ключова дума – ненормативна
Ключова дума Европейски съюз
659 ## - Тематичен бюлетин
Тематичен бюлетин Н
852 ## - Местоположение
Форматна сигнатура Цб 252795
856 4# - Електронен адрес и достъп
Електронен формат pdf - файл
Път до файла /url/
856 4# - Електронен адрес и достъп
Електронен формат pdf - файл
Път до файла /url/
942 ## - АРТИКУЛИ
Вид на библиотечния материал Книги
Скрит в OPAC Не
944 ## - СЪЗДАВАНЕ И РЕДАКЦИЯ на ЗАПИСА
Създаване/Редакция Създаване
Дата на регистрацията/редакция 09.09.2011
Статус, дата на статуса ф /
Служител, извършил регистрацията/редакцията Людмила_Стоянова
944 ## - СЪЗДАВАНЕ И РЕДАКЦИЯ на ЗАПИСА
Създаване/Редакция Редакция
Дата на регистрацията/редакция 16.11.2011
Статус, дата на статуса ф /
Служител, извършил регистрацията/редакцията
999 ## - СИСТЕМНИ КОНТРОЛНИ НОМЕРА
Koha biblionumber 63711
Koha biblioitemnumber 63711
Наличности
Код за отписване Код за изгубен артикул Код за повреда Коз за рестрикции Код за отдаване Артикулен № Име на библиотеката - собственик Име на библиотеката, в която се намира в момента Статус (Текущо местоположение) Дата на вписване в системата Местоположение - отдел Цена в лева Инвентарен номер Систематично азбучна сигнатура Баркод Номер на екземпляра Цена в евро Служебна бележка Служебен тип на артикула Източник на класификационната схема
  Не е изгубен Не е повреден без рестрикции заемане за дома 105581 Регионална библиотека "Любен Каравелов" Русе Регионална библиотека "Любен Каравелов" Русе Заемна - подръчен фонд 2011-09-07 Заемна - подръчен фонд 9.00 120000752831 П 327.7:061.1ЕС/Е 20 120000752831 1 4.60 Дост: DA Вид: А N: 14 Дата: 07.09.2011 Дата инв: 06.02.2018 Бележки инв: П2018 Книги  
Изтеглен Не е изгубен Не е повреден без рестрикции заемане за дома 105582 Регионална библиотека "Любен Каравелов" Русе Регионална библиотека "Любен Каравелов" Русе Заемна - подръчен фонд 2011-09-07 Заемна - подръчен фонд 9.00 120000752832 П 327.7:061.1ЕС/Е 20 120000752832 2 4.60 Дост: DA Вид: А N: 14 Дата: 07.09.2011 Дата инв: 06.02.2018 Бележки инв: П2018 Книги Universal Decimal Classification
  Не е изгубен Не е повреден без рестрикции ползва се в читалня 105583 Регионална библиотека "Любен Каравелов" Русе Регионална библиотека "Любен Каравелов" Русе Читалня 2011-09-07 Читалня 9.00 120000752833 Ч 327.7:061.1ЕС/Е 20 120000752833 3 4.60 Дост: DA Вид: А N: 14 Дата: 07.09.2011 Дата инв: 29.03.2017 Бележки инв: Ч2017 Книги  
  Не е изгубен Не е повреден без рестрикции ползва се в читалня 105584 Регионална библиотека "Любен Каравелов" Русе Регионална библиотека "Любен Каравелов" Русе Хранилище 2011-09-26 Хранилище 9.00 120000753199 Цб 252795 120000753199 4 4.60 Дост: Dp Вид: Д N: 9 Дата: 28.02.2011 Книги  
Vip Innovations Ltd, Rousse, Bulgaria 2025